| 000 | 01259nam a2200313 c 4500 | ||
|---|---|---|---|
| 003 | BLK | ||
| 005 | 20180422111919.0 | ||
| 008 | 180409b bul|||||r ||||||| ||bul|| | ||
| 010 | _aKNG00141630000 | ||
| 040 | _aBLK | ||
| 041 |
_aBUL _cBUL |
||
| 080 |
_aОнтологически материализъм _b141.12 _x _z141.12 |
||
| 100 | 1 |
_aПлеханов, Георги Валентинович _eпърви автор _9378316 |
|
| 700 | 1 |
_aСимеонов, А. _eпрев. от рус. _9378806 |
|
| 139 |
_aПлеханов, Георги Валентинович _bП 59 |
||
| 245 | 1 | 0 |
_aВ защита на материализма _cГеорги Валентинович Плеханов; прев. от рус. А. Симеонов. |
| 246 | 1 | 1 | _aMaterialismus militans |
| 257 | _aRUS | ||
| 260 |
_аСт. Загора _c1909 _fСофия : печ. Георги М. Чомонев |
||
| 300 |
_a76 с. _c20 см |
||
| 380 | _a1 | ||
| 650 | 4 |
_aМатериализъм _9161431 |
|
| 653 | _aматериализъм | ||
| 852 | _aЦб 1.200.16097 | ||
| 856 | 4 |
_qpdf _u |
|
| 856 | 4 |
_qpdf _u |
|
| 942 |
_cKNG _n0 |
||
| 944 |
_aCR _c03.04.2013 _l03.04.2013 - от С1,Р / 03.04.2013 _kНаталия_Медовщикова |
||
| 944 |
_aED _c03.04.2013 _l03.04.2013 - от С1,Р / 03.04.2013 _k |
||
| 999 |
_c135703 _d135703 |
||